Caleidoscopio de las remesas en México y en el mundo / (Record no. 171820)

MARC details
000 -CABECERA
campo de control de longitud fija 00621nam a2200205 u 4500
005 - FECHA Y HORA DE LA ÚLTIMA TRANSACCIÓN
campo de control 20241030063734.0
008 - ELEMENTOS DE LONGITUD FIJA--INFORMACIÓN GENERAL
campo de control de longitud fija 140922s2010 r 000 0 eng d
020 ## - NÚMERO INTERNACIONAL NORMALIZADO PARA LIBROS
Número Internacional Estándar del Libro 970628964X
035 ## - NÚMERO DE CONTROL DEL SISTEMA
Número de control de sistema UPN01000199719
049 ## - COLECCIÓN
Colección CG
050 #4 - SIGNATURA TOPOGRÁFICA DE LA BIBLIOTECA DEL CONGRESO
Número de clasificación HG3916
Número de documento/Ítem C3.4
245 00 - MENCIÓN DE TÍTULO
Título Caleidoscopio de las remesas en México y en el mundo /
Resto del título coord. Carlos Galindo.
260 ## - PUBLICACIÓN, DISTRIBUCIÓN, ETC.
Lugar de publicación, distribución, etc. México :
Nombre del editor, distribuidor, etc. CONAPO,
Fecha de publicación, distribución, etc. 2010.
300 ## - DESCRIPCIÓN FÍSICA
Extensión 195 p. :
Otras características físicas gráfs., cuadros, mapas
650 #2 - ASIENTO SECUNDARIO DE MATERIA - TERMINO TEMATICO
Término de materia o nombre geográfico como elemento de entrada Remesas de emigrantes
Subdivisión geográfica México
9 (RLIN) 23790
650 #4 - ASIENTO SECUNDARIO DE MATERIA - TERMINO TEMATICO
Término de materia o nombre geográfico como elemento de entrada REMESAS DE EMIGRANTES
9 (RLIN) 23789
700 1# - ASIENTO SECUNDARIO--NOMBRE DE PERSONAL
Nombre de persona Galindo, Carlos,
Término indicativo de función/relación coord.
905 ## - TIPO DE MATERIAL
Tipo de material Libro
Holdings
Estado de retiro Estado de pérdida Fuente del sistema de clasificación o colocación Estado dañado No para préstamo Código de colección Localización permanente Ubicación/localización actual Ubicación en estantería Total de préstamos Clasificación Código de barras Fecha visto por última vez Número de copia Tipo de ítem Koha
    Library of Congress Classification     Colección General Bib. Gregorio Torres Quintero Bib. Gregorio Torres Quintero Planta baja   HG3916 C3.4 299320 31/12/2020 1 Libro